| 000 | 00547nam a2200193Ia 4500 | ||
|---|---|---|---|
| 005 | 20250317125533.0 | ||
| 008 | 008 250317s9999 xx 000 0 eng d | ||
| 020 | _a1-55786-252-4 | ||
| 037 | _aTextbook | ||
| 040 |
_aFMSL _beng _cFMSL |
||
| 041 |
_aeng _2eng |
||
| 084 |
_aX:8D.7 N1 _qFMSL |
||
| 100 | _aMiller Merton H | ||
| 245 | 0 | _aFicial Innovations & Market Volability. | |
| 260 |
_aUSA _bUSA, Basic Black Well Inc. _c1991 |
||
| 300 | _a288p | ||
| 942 |
_cTB _hX:8D.7 N1 |
||
| 999 |
_c1259885 _d1259885 |
||